[Event "FIDE World Cup 2021"]
[Site "Krasnaya Polyana RUS"]
[Date "2021.07.12"]
[Round "1.1"]
[White "Sjugirov, Sanan"]
[Black "Prudente, Elmer"]
[Result "1-0"]
[WhiteElo "2661"]
[BlackElo "1998"]
[PlyCount "53"]
[EventDate "2021.07.12"]

1. Nf3 Nf6 2. c4 c6 3. g3 g6 4. b3 Bg7 5. Bb2 O-O 6. Bg2 d5 7. O-O Bf5 8. d3
Nbd7 9. Nd4 e6 10. h3 h5 11. Nc3 Nh7 12. Na4 Nb6 13. Nxf5 Bxb2 14. Nh6+ Kg7 15.
Nxf7 Rxf7 16. Nxb2 d4 17. Qd2 Qd6 18. b4 c5 19. a3 Rd8 20. bxc5 Qxc5 21. Qb4
Qe5 22. Rae1 h4 23. g4 Ng5 24. e3 a5 25. Qxb6 Nf3+ 26. Bxf3 Rxf3 27. Qxb7+ 1-0

[Event "FIDE World Cup 2021"]
[Site "Krasnaya Polyana RUS"]
[Date "2021.07.12"]
[Round "1.1"]
[White "Chipanga, Chiletso"]
[Black "Adhiban, Baskaran"]
[Result "0-1"]
[WhiteElo "2103"]
[BlackElo "2660"]
[PlyCount "66"]
[EventDate "2021.07.12"]

1. e4 e6 2. d4 d5 3. Nd2 Be7 4. c3 c5 5. Ngf3 cxd4 6. Nxd4 Nc6 7. Nxc6 bxc6 8.
e5 Nh6 9. Bd3 f5 10. h3 Nf7 11. Nf3 c5 12. g4 g6 13. gxf5 exf5 14. h4 h6 15.
Qe2 Be6 16. Bd2 g5 17. hxg5 hxg5 18. Rxh8+ Nxh8 19. O-O-O g4 20. Rh1 Nf7 21.
Bb5+ Kf8 22. Ne1 Rb8 23. Bd3 Qb6 24. Bf4 c4 25. f3 cxd3 26. Nxd3 Qa6 27. Rh7 d4
28. Qh2 Qxd3 29. Rh8+ Nxh8 30. Qxh8+ Bg8 31. Qh6+ Ke8 32. Qc6+ Kd8 33. e6 Qf1+
0-1

[Event "FIDE World Cup 2021"]
[Site "Krasnaya Polyana RUS"]
[Date "2021.07.12"]
[Round "1.1"]
[White "Sevian, Samuel"]
[Black "Subramaniam, Sumant"]
[Result "1-0"]
[WhiteElo "2647"]
[BlackElo "2155"]
[PlyCount "65"]
[EventDate "2021.07.12"]

1. e4 e5 2. Nf3 Nc6 3. Bb5 a6 4. Ba4 Nge7 5. c3 g6 6. d4 exd4 7. cxd4 b5 8. Bc2
Bg7 9. d5 Na5 10. Bd2 Nc4 11. Bc3 Bxc3+ 12. Nxc3 Nxb2 13. Qd4 O-O 14. Nxb5 axb5
15. Qxb2 c5 16. h4 Qa5+ 17. Kf1 d6 18. Qf6 Qd8 19. h5 Nc6 20. Qf4 Nb4 21. Bb1
Ra7 22. a3 Qe7 23. Kg1 Re8 24. Rh4 Ra4 25. Qh6 Qf8 26. hxg6 Qxh6 27. gxf7+ Kxf7
28. Rxh6 Bg4 29. Ng5+ Kg7 30. Rxh7+ Kg8 31. Rh6 Kg7 32. Rxd6 Rea8 33. e5 1-0

[Event "FIDE World Cup 2021"]
[Site "Krasnaya Polyana RUS"]
[Date "2021.07.12"]
[Round "1.1"]
[White "Oparin, Grigoriy"]
[Black "Liyanage, Ranindu Dilshan"]
[Result "1-0"]
[WhiteElo "2654"]
[BlackElo "2203"]
[PlyCount "181"]
[EventDate "2021.07.12"]

1. b3 Nf6 2. Bb2 d5 3. Nf3 e6 4. c4 b6 5. e3 Bb7 6. Nc3 a6 7. cxd5 exd5 8. d4
Bd6 9. g3 O-O 10. Bg2 Nbd7 11. O-O Re8 12. Ne2 Ne4 13. Nf4 Ndf6 14. Rc1 a5 15.
Ne5 c5 16. Ng4 Bxf4 17. gxf4 Nxg4 18. Qxg4 Bc8 19. Qh5 Ba6 20. Rfe1 c4 21. f3
Nf6 22. Qh4 Rc8 23. e4 dxe4 24. fxe4 c3 25. Rxc3 Qxd4+ 26. Qf2 Qxf2+ 27. Kxf2
Rcd8 28. Rc2 Bd3 29. Bxf6 Bxc2 30. Bxd8 Rxd8 31. Bf3 g6 32. Ke2 a4 33. bxa4
Bxa4 34. Rb1 Rc8 35. Rxb6 Rc2+ 36. Ke3 Rxa2 37. f5 Ra3+ 38. Kf2 Rb3 39. Rd6
gxf5 40. exf5 Kg7 41. f6+ Kg6 42. Be4+ Kg5 43. h4+ Kxh4 44. Rd4 Rb2+ 45. Ke3
Bb3 46. Rb4 Kg5 47. Kd4 Kxf6 48. Kc3 Rf2 49. Rxb3 h5 50. Rb5 h4 51. Rh5 Rh2 52.
Kd3 Rh3+ 53. Kd4 Rh2 54. Ke3 h3 55. Kf4 Rf2+ 56. Kg3 Rb2 57. Rxh3 Rb3+ 58. Bf3
Kg5 59. Rh5+ Kg6 60. Rc5 f5 61. Kf4 Rb4+ 62. Ke5 Rb1 63. Rc8 Re1+ 64. Kf4 Ra1
65. Rc6+ Kg7 66. Bd5 Ra5 67. Rd6 Ra7 68. Kxf5 Rc7 69. Rg6+ Kf8 70. Ke6 Re7+ 71.
Kf6 Rf7+ 72. Ke5 Rc7 73. Be6 Rg7 74. Rf6+ Ke7 75. Rh6 Kf8 76. Kd6 Rg5 77. Rh7
Rg6 78. Rc7 Rf6 79. Ke5 Rg6 80. Rf7+ Kg8 81. Bd5 Rg7 82. Rf5+ Kh7 83. Bf7 Rg4
84. Kf6 Rh4 85. Bg6+ Kh6 86. Rg5 Rf4+ 87. Bf5 Rc4 88. Rg8 Rc6+ 89. Be6 Rc7 90.
Rg6+ Kh5 91. Rg3 1-0

[Event "FIDE World Cup 2021"]
[Site "Krasnaya Polyana RUS"]
[Date "2021.07.12"]
[Round "1.1"]
[White "Kassis, Antoine LIB"]
[Black "Kuzubov, Yuriy"]
[Result "0-1"]
[WhiteElo "2205"]
[BlackElo "2653"]
[PlyCount "56"]
[EventDate "2021.07.12"]

1. e4 e6 2. d3 d5 3. Nd2 c5 4. Ngf3 Nc6 5. g3 Bd6 6. Bg2 Nge7 7. O-O O-O 8. Nh4
Bc7 9. f4 f6 10. exd5 Nxd5 11. Ne4 b6 12. a3 Nde7 13. Re1 Rb8 14. Nf2 Nd4 15.
c3 Ndf5 16. Nxf5 Nxf5 17. Be4 Ne7 18. d4 cxd4 19. cxd4 Qd7 20. Qd3 f5 21. Bf3
Bb7 22. Bxb7 Rxb7 23. Qc4 Nd5 24. Bd2 Bd8 25. Nd3 Rc7 26. Qb3 Bf6 27. Bc3 Nxc3
28. bxc3 Rxc3 0-1

[Event "FIDE World Cup 2021"]
[Site "Krasnaya Polyana RUS"]
[Date "2021.07.12"]
[Round "1.1"]
[White "Cori, Jorge"]
[Black "Karimov, Alisher"]
[Result "1-0"]
[WhiteElo "2652"]
[BlackElo "2244"]
[PlyCount "81"]
[EventDate "2021.07.12"]

1. d4 Nf6 2. Nf3 e6 3. Bf4 c5 4. c3 d5 5. e3 Bd6 6. Bg3 Qc7 7. Na3 Bxg3 8. hxg3
Nbd7 9. Rc1 a6 10. c4 Qa5+ 11. Qd2 Qxd2+ 12. Kxd2 b6 13. cxd5 Ne4+ 14. Ke1 exd5
15. Bd3 Bb7 16. Ke2 O-O 17. Rhd1 Rfe8 18. dxc5 Ndxc5 19. Nd4 Rac8 20. Bxe4 dxe4
21. Nf5 a5 22. Nd6 Ba6+ 23. Nac4 Nd3 24. Rxd3 exd3+ 25. Kd2 b5 26. Nxc8 bxc4
27. Nd6 Rb8 28. Kc3 g6 29. Rh1 f5 30. Rh4 Rd8 31. Rd4 a4 32. Nxf5 Rf8 33. Ne7+
Kh8 34. f3 a3 35. bxa3 Rb8 36. Nc6 Rb1 37. Nb4 Bb5 38. Rd5 Ba6 39. Nxa6 Rc1+
40. Kb4 Rc2 41. Nc5 1-0

[Event "FIDE World Cup 2021"]
[Site "Krasnaya Polyana RUS"]
[Date "2021.07.12"]
[Round "1.1"]
[White "Salih, Akar Ali Salih"]
[Black "Onischuk, Alexander"]
[Result "0-1"]
[WhiteElo "2274"]
[BlackElo "2649"]
[PlyCount "62"]
[EventDate "2021.07.12"]

1. e4 e5 2. Nf3 Nc6 3. Bb5 a6 4. Ba4 g6 5. d4 b5 6. Bb3 exd4 7. Nxd4 Na5 8. Bd5
c6 9. Bb3 Bg7 10. O-O Ne7 11. Re1 O-O 12. c3 c5 13. Nf3 Nxb3 14. axb3 d5 15. e5
Nc6 16. Be3 d4 17. cxd4 cxd4 18. Nxd4 Nxe5 19. h3 Bb7 20. Nc3 Qh4 21. Qe2 Rfe8
22. f4 Nd7 23. Qf2 Qh5 24. Rad1 Nf6 25. b4 Rad8 26. f5 Ne4 27. Nxe4 Bxe4 28.
Rc1 Bxf5 29. Nc6 Rd3 30. Bc5 Be6 31. Nd4 Qxc5 0-1

[Event "FIDE World Cup 2021"]
[Site "Krasnaya Polyana RUS"]
[Date "2021.07.12"]
[Round "1.1"]
[White "Martirosyan, Haik M."]
[Black "Mwali, Chitumbo"]
[Result "1-0"]
[WhiteElo "2632"]
[BlackElo "2281"]
[PlyCount "63"]
[EventDate "2021.07.12"]

1. d4 Nf6 2. c4 e6 3. Nf3 c5 4. d5 exd5 5. cxd5 d6 6. Nc3 g6 7. Bf4 a6 8. a4
Bg7 9. h3 O-O 10. e3 Nh5 11. Bh2 f5 12. Be2 f4 13. O-O fxe3 14. fxe3 Qe7 15.
Kh1 Nd7 16. a5 Qxe3 17. Ra4 Ne5 18. Nxe5 Rxf1+ 19. Qxf1 Bxe5 20. Bxh5 gxh5 21.
Bxe5 dxe5 22. Ne4 b5 23. Nd6 Qh6 24. Qf7+ Kh8 25. Qe8+ Kg7 26. Qxe5+ Kg8 27.
Rf4 Bd7 28. Ne4 Qg7 29. Nf6+ Kh8 30. Nxd7 Qxe5 31. Nxe5 Re8 32. d6 1-0

[Event "FIDE World Cup 2021"]
[Site "Krasnaya Polyana RUS"]
[Date "2021.07.12"]
[Round "1.1"]
[White "Miguel, Sergio"]
[Black "Saric, Ivan"]
[Result "0-1"]
[WhiteElo "2286"]
[BlackElo "2653"]
[PlyCount "58"]
[EventDate "2021.07.12"]

1. d4 Nf6 2. c4 g6 3. Nc3 Bg7 4. e4 d6 5. Bd3 O-O 6. Nge2 Nc6 7. O-O e5 8. d5
Nd4 9. Rb1 Nh5 10. b4 a5 11. a3 axb4 12. axb4 Nxe2+ 13. Nxe2 f5 14. exf5 Bxf5
15. Bxf5 gxf5 16. Nd4 exd4 17. Qxh5 Qe8 18. Qd1 Qe4 19. Bb2 Rfe8 20. Qb3 h5 21.
Rbd1 h4 22. h3 Re7 23. Ra1 Rae8 24. Bc1 Bf6 25. f3 Qe5 26. f4 Qe4 27. Ra3 Rg7
28. Qf3 Qc2 29. c5 Rg3 0-1

[Event "FIDE World Cup 2021"]
[Site "Krasnaya Polyana RUS"]
[Date "2021.07.12"]
[Round "1.1"]
[White "Aravindh, Chithambaram VR."]
[Black "Concio, Michael Jr."]
[Result "1-0"]
[WhiteElo "2641"]
[BlackElo "2297"]
[PlyCount "66"]
[EventDate "2021.07.12"]

1. c4 Nf6 2. Nc3 e6 3. e4 e5 4. Nf3 Nc6 5. Be2 Bc5 6. Nxe5 Nxe5 7. d4 Bb4 8.
dxe5 Nxe4 9. Qd3 Nxc3 10. bxc3 Be7 11. Qg3 g6 12. Bh6 Bf8 13. Bg5 Be7 14. h4 h5
15. Rd1 Bxg5 16. hxg5 Qe7 17. Rh4 O-O 18. Rdd4 Re8 19. Rde4 b6 20. Bxh5 d5 21.
cxd5 Bf5 22. Bd1 Bxe4 23. Rxe4 Rad8 24. Bb3 Qc5 25. e6 fxe6 26. dxe6 Re7 27.
Kf1 a5 28. Re5 Qd6 29. Qf4 Qd3+ 30. Kg1 Rf8 31. Qe4 Rd8 32. f4 Kg7 33. Qe1 b5
1-0

[Event "FIDE World Cup 2021"]
[Site "Krasnaya Polyana RUS"]
[Date "2021.07.12"]
[Round "1.1"]
[White "Ajibola, Olanrewaju"]
[Black "Sarana, Alexey"]
[Result "0-1"]
[WhiteElo "2302"]
[BlackElo "2640"]
[PlyCount "60"]
[EventDate "2021.07.12"]

1. d4 Nf6 2. Nf3 c5 3. e3 g6 4. c3 Qc7 5. dxc5 Qxc5 6. b4 Qb6 7. Bb2 Bg7 8.
Nbd2 O-O 9. a3 d6 10. c4 a5 11. Bd4 Qc7 12. Be2 e5 13. Bc3 Bf5 14. Qb3 Nc6 15.
O-O Rfc8 16. c5 a4 17. cxd6 axb3 18. dxc7 Nd5 19. Bb2 e4 20. Nd4 Nxd4 21. exd4
Rxc7 22. Bc4 Nf4 23. Rfc1 Rac8 24. Kf1 Bh6 25. d5 Nd3 26. Bxd3 exd3 27. Rxc7
Rxc7 28. Nxb3 d2 29. Ke2 Re7+ 30. Kf1 Bd3+ 0-1

[Event "FIDE World Cup 2021"]
[Site "Krasnaya Polyana RUS"]
[Date "2021.07.12"]
[Round "1.1"]
[White "Motylev, Alexander"]
[Black "Elarabi, Abobker Mohamed"]
[Result "1-0"]
[WhiteElo "2639"]
[BlackElo "2307"]
[PlyCount "109"]
[EventDate "2021.07.12"]

1. Nf3 d5 2. b3 Nf6 3. Bb2 g6 4. c4 c6 5. e3 Bg7 6. Be2 O-O 7. O-O Bg4 8. h3
Bxf3 9. Bxf3 Re8 10. d4 Nbd7 11. Nc3 e6 12. Rc1 a6 13. a4 Rb8 14. g3 Bf8 15.
Bg2 Bh6 16. f4 Bg7 17. g4 h6 18. Rf2 b5 19. cxb5 cxb5 20. axb5 axb5 21. Qd3 b4
22. Na4 Qa5 23. Rfc2 Qa8 24. Rc7 Red8 25. Qc2 Ne8 26. Rc6 Ndf6 27. Qd3 Rd6 28.
R6c2 Qa7 29. Nc5 Qe7 30. Ra1 Rc6 31. Bc1 Qd6 32. Bd2 Nd7 33. Na6 Rxc2 34. Qxc2
Ra8 35. Bf1 Qb6 36. Ra4 Bf8 37. Nc5 Rxa4 38. Nxd7 Qd6 39. bxa4 Qxd7 40. a5 Nc7
41. a6 Na8 42. Qd3 Nc7 43. Qc2 Na8 44. Kf2 Nb6 45. Qb3 Qe7 46. Qa2 Nc8 47. Qa5
g5 48. Kf3 gxf4 49. exf4 Na7 50. Qb6 Nc8 51. Qb7 Na7 52. Bd3 Qxb7 53. axb7 Nc6
54. Bb5 Nb8 55. f5 1-0

[Event "FIDE World Cup 2021"]
[Site "Krasnaya Polyana RUS"]
[Date "2021.07.12"]
[Round "1.1"]
[White "Barrish, Daniel"]
[Black "Tari, Aryan"]
[Result "0-1"]
[WhiteElo "2313"]
[BlackElo "2639"]
[PlyCount "108"]
[EventDate "2021.07.12"]

1. e4 e5 2. Nf3 Nc6 3. Bc4 Nf6 4. Ng5 d5 5. exd5 Na5 6. Bb5+ c6 7. dxc6 bxc6 8.
Bd3 Nd5 9. Nf3 Bd6 10. O-O Nf4 11. Nc3 O-O 12. Be2 c5 13. d3 Nxe2+ 14. Qxe2 f6
15. Be3 Nc6 16. Ne4 f5 17. Nxd6 Qxd6 18. Bd2 Ba6 19. Bc3 e4 20. Ne1 Rae8 21.
Qh5 Nd4 22. Bxd4 cxd4 23. f4 Re6 24. Rb1 Rh6 25. Qe2 g5 26. g3 g4 27. b4 e3 28.
c4 Rh3 29. Qg2 Rb8 30. c5 Qe6 31. c6 Bb5 32. Rc1 Rh6 33. c7 Rc8 34. Qb7 Qd7 35.
Qxa7 Rc6 36. Rxc6 Bxc6 37. Qc5 Rxc7 38. Qc4+ Qd5 39. Qxd5+ Bxd5 40. a4 Rc1 41.
Ng2 Rc3 42. Nh4 Be6 43. Rd1 Bb3 44. Re1 Be6 45. Rd1 Bb3 46. Re1 Rxd3 47. Nxf5
Bxa4 48. Nh6+ Kf8 49. Nxg4 Rc3 50. Ra1 h5 51. Ne5 d3 52. Nxd3 Rxd3 53. Kf1 Bd1
54. Ke1 Bf3 0-1

[Event "FIDE World Cup 2021"]
[Site "Krasnaya Polyana RUS"]
[Date "2021.07.12"]
[Round "1.1"]
[White "Bareev, Evgeny"]
[Black "Quizon, Daniel"]
[Result "1-0"]
[WhiteElo "2638"]
[BlackElo "2319"]
[PlyCount "105"]
[EventDate "2021.07.12"]

1. d4 d5 2. c4 c6 3. Nf3 Nf6 4. Qb3 dxc4 5. Qxc4 Bf5 6. g3 Nbd7 7. Bg2 e6 8.
O-O Be7 9. e3 O-O 10. Qe2 Ne4 11. Rd1 Qc7 12. b3 a5 13. Bb2 a4 14. Nfd2 Nef6
15. e4 Bg4 16. f3 Bh5 17. Na3 b5 18. Nc2 e5 19. b4 exd4 20. Bxd4 Ne5 21. g4 Bg6
22. h3 Ned7 23. Rac1 Bd6 24. Be3 Be5 25. Nd4 Bxd4 26. Bxd4 Rac8 27. a3 Rfe8 28.
Qf2 h6 29. Rc3 Qd6 30. Re1 Qf4 31. Rec1 Qd6 32. Nf1 Nh7 33. Be3 Nhf8 34. Qd2
Qf6 35. Qd4 Qe6 36. Bf4 Red8 37. Qe3 Nf6 38. Bg3 N8d7 39. Qf2 Bh7 40. Qe3 Ne5
41. Bxe5 Qxe5 42. f4 Qe8 43. Ng3 Rc7 44. Qb6 Rdc8 45. e5 Nd7 46. Qd4 Nf8 47. f5
Rd8 48. Qe3 Rdc8 49. Qf4 Qd7 50. Kh2 Qe8 51. Ne4 Qe7 52. Nd6 Rd8 53. Bxc6 1-0

[Event "FIDE World Cup 2021"]
[Site "Krasnaya Polyana RUS"]
[Date "2021.07.12"]
[Round "1.1"]
[White "Eiti, Bashir"]
[Black "Jumabayev, Rinat"]
[Result "0-1"]
[WhiteElo "2340"]
[BlackElo "2637"]
[PlyCount "62"]
[EventDate "2021.07.12"]

1. d4 Nf6 2. Bf4 c5 3. d5 d6 4. Nc3 e5 5. dxe6 Bxe6 6. e4 Nc6 7. Qd2 Be7 8. Nf3
O-O 9. Be2 Qb6 10. O-O Rad8 11. a3 d5 12. Na4 dxe4 13. Nxb6 exf3 14. Bd3 axb6
15. Qe3 c4 16. Bxc4 Bxc4 17. Rfd1 fxg2 18. Kxg2 Bc5 19. Qh3 Bd5+ 20. Kf1 Be6
21. Qg2 Ng4 22. Bg3 Nd4 23. b4 Bc4+ 24. Kg1 Ne2+ 25. Kh1 Nxg3+ 26. hxg3 Nxf2+
27. Kg1 Be3 28. Rxd8 Ng4+ 29. Kh1 Rxd8 30. Rf1 Bxf1 31. Qxf1 Rd1 0-1

[Event "FIDE World Cup 2021"]
[Site "Krasnaya Polyana RUS"]
[Date "2021.07.12"]
[Round "1.1"]
[White "Kovalev, Vladislav"]
[Black "Makoto, Rodwell"]
[Result "1-0"]
[WhiteElo "2637"]
[BlackElo "2352"]
[PlyCount "57"]
[EventDate "2021.07.12"]

1. e4 e5 2. Nf3 Nc6 3. Bb5 a6 4. Ba4 Nf6 5. O-O b5 6. Bb3 Bc5 7. c3 d6 8. a4
Rb8 9. d4 Bb6 10. Na3 O-O 11. axb5 axb5 12. Nxb5 Bg4 13. Bc2 exd4 14. cxd4 d5
15. e5 Ne4 16. h3 Bxf3 17. gxf3 Ng5 18. f4 Ne4 19. Ra4 f6 20. Bxe4 dxe4 21. d5
Na5 22. Rxe4 Bxf2+ 23. Rxf2 Rxb5 24. d6 Qd7 25. b4 Nc6 26. Qd3 Rfb8 27. Qc4+
Kh8 28. e6 Qxd6 29. Rd2 1-0

[Event "FIDE World Cup 2021"]
[Site "Krasnaya Polyana RUS"]
[Date "2021.07.12"]
[Round "1.1"]
[White "Pichot, Alan"]
[Black "Minero Pineda, Sergio"]
[Result "1-0"]
[WhiteElo "2630"]
[BlackElo "2365"]
[PlyCount "85"]
[EventDate "2021.07.12"]

1. e4 e6 2. d4 d5 3. Nc3 Nf6 4. e5 Nfd7 5. Nce2 c5 6. c3 Nc6 7. Nf3 cxd4 8.
cxd4 f6 9. Nf4 Bb4+ 10. Bd2 Qe7 11. Bxb4 Qxb4+ 12. Qd2 Ke7 13. Nd3 Qxd2+ 14.
Kxd2 fxe5 15. dxe5 b6 16. Rc1 Bb7 17. Be2 Rac8 18. h4 Rhf8 19. Rc3 Na5 20. Rhc1
Rxc3 21. Rxc3 Rc8 22. Rxc8 Bxc8 23. b4 Nc4+ 24. Kc3 Bb7 25. Bd1 a6 26. Ba4 Bc8
27. Bb3 Na3 28. Nd4 Nb8 29. f4 Bd7 30. f5 exf5 31. Nf4 Nb5+ 32. Nxb5 Bxb5 33.
Bxd5 Nc6 34. Bxc6 Bxc6 35. Kd4 g6 36. g3 b5 37. Kc5 Be8 38. Nd5+ Kf8 39. Kd6 h6
40. Ne7 Kg7 41. e6 Kf8 42. a3 Kg7 43. Ke5 1-0

[Event "FIDE World Cup 2021"]
[Site "Krasnaya Polyana RUS"]
[Date "2021.07.12"]
[Round "1.1"]
[White "Omar, Noaman"]
[Black "Yilmaz, Mustafa"]
[Result "0-1"]
[WhiteElo "2367"]
[BlackElo "2630"]
[PlyCount "44"]
[EventDate "2021.07.12"]

1. d4 Nf6 2. Nc3 d5 3. Bf4 e6 4. e3 Bb4 5. Nge2 O-O 6. g4 Nxg4 7. Rg1 Nf6 8.
Bh6 Ne8 9. Qd3 c5 10. dxc5 Bxc5 11. O-O-O Nd7 12. e4 Kh8 13. Bg5 f6 14. exd5
Ne5 15. Qg3 fxg5 16. Qxe5 Rf5 17. Qe4 Nf6 18. Qc4 Bxf2 19. dxe6 Qe7 20. Bh3
Bxe6 21. Qd3 Re5 22. Bxe6 Bxg1 0-1

[Event "FIDE World Cup 2021"]
[Site "Krasnaya Polyana RUS"]
[Date "2021.07.12"]
[Round "1.1"]
[White "Paravyan, David"]
[Black "Tissir, Mohamed"]
[Result "1-0"]
[WhiteElo "2625"]
[BlackElo "2379"]
[PlyCount "87"]
[EventDate "2021.07.12"]

1. d4 Nf6 2. c4 g6 3. Nc3 Bg7 4. e4 d6 5. Nf3 O-O 6. h3 e5 7. d5 Na6 8. Bd3 Nc5
9. Bc2 a5 10. Bg5 Bd7 11. O-O h6 12. Be3 Nh5 13. Qd2 g5 14. Nh2 Nf4 15. Ne2 b6
16. Ng3 Qf6 17. Ng4 Qg6 18. Nf5 Rfe8 19. f3 h5 20. Nf2 h4 21. Ng4 f6 22. Bf2
Bxf5 23. exf5 Qf7 24. Rfe1 Qd7 25. Be3 Kf7 26. b3 Rh8 27. Rad1 Rhb8 28. Kh2 Rh8
29. Qc3 Nh5 30. Bf2 Rhe8 31. a3 Nf4 32. b4 Nb7 33. Rd2 axb4 34. axb4 Ra2 35. c5
bxc5 36. bxc5 dxc5 37. Qc4 Rxc2 38. Qxc2 Nd6 39. Qxc5 Re7 40. Qc6 Qxf5 41. Ne3
Qd7 42. Rc1 Qxc6 43. dxc6 e4 44. Rxd6 1-0

[Event "FIDE World Cup 2021"]
[Site "Krasnaya Polyana RUS"]
[Date "2021.07.12"]
[Round "1.1"]
[White "Khader, Sami"]
[Black "Mareco, Sandro"]
[Result "0-1"]
[WhiteElo "2382"]
[BlackElo "2629"]
[PlyCount "50"]
[EventDate "2021.07.12"]

1. e4 e5 2. Bc4 Nf6 3. d3 Nc6 4. Nf3 Bc5 5. c3 d6 6. O-O a5 7. Nbd2 O-O 8. h3
Ba7 9. Re1 Ne7 10. Nf1 c6 11. Ng3 Ng6 12. d4 exd4 13. cxd4 Nxe4 14. Nxe4 d5 15.
Bd3 dxe4 16. Bxe4 Be6 17. Ng5 Qxd4 18. Qf3 Bd5 19. Bf4 Nxf4 20. Qxf4 h6 21. Qh4
Rfe8 22. Rad1 Qf6 23. Bxd5 Rxe1+ 24. Rxe1 hxg5 25. Bxf7+ Qxf7 0-1

[Event "FIDE World Cup 2021"]
[Site "Krasnaya Polyana RUS"]
[Date "2021.07.12"]
[Round "1.1"]
[White "Ponkratov, Pavel"]
[Black "Sousa, Andre Ventura"]
[Result "1/2-1/2"]
[WhiteElo "2629"]
[BlackElo "2390"]
[PlyCount "70"]
[EventDate "2021.07.12"]

1. e4 e5 2. Nf3 Nc6 3. Bc4 Nf6 4. d3 Bc5 5. h3 a6 6. c3 d6 7. Bb3 h6 8. Nbd2
Ba7 9. Nf1 d5 10. exd5 Nxd5 11. Ng3 Be6 12. O-O Qd6 13. Ba4 b5 14. Bb3 f5 15.
d4 e4 16. Nh4 O-O 17. Bxd5 Qxd5 18. Ng6 Qd7 19. Nxf8 Rxf8 20. a4 b4 21. Re1 b3
22. Nh5 Bc4 23. a5 Ne7 24. f3 c5 25. fxe4 fxe4 26. Be3 Nf5 27. Qg4 Qf7 28. Kh1
Qxh5 29. Qxh5 Ng3+ 30. Kg1 Nxh5 31. dxc5 Ng3 32. Ra4 Bd3 33. Rb4 Ne2+ 34. Kh1
Ng3+ 35. Kg1 Ne2+ 1/2-1/2

[Event "FIDE World Cup 2021"]
[Site "Krasnaya Polyana RUS"]
[Date "2021.07.12"]
[Round "1.1"]
[White "Adly, Ahmed"]
[Black "Hesham, Abdelrahman"]
[Result "1-0"]
[WhiteElo "2625"]
[BlackElo "2397"]
[PlyCount "63"]
[EventDate "2021.07.12"]

1. d4 Nf6 2. Nf3 c5 3. d5 b5 4. a4 Bb7 5. axb5 Bxd5 6. Bg5 Bb7 7. Nbd2 d5 8. e4
e6 9. exd5 exd5 10. Qe2+ Qe7 11. Bxf6 gxf6 12. Nb3 d4 13. O-O-O Nd7 14. Na5 Bd5
15. Qxe7+ Bxe7 16. Bc4 Bxf3 17. gxf3 Ne5 18. Bd5 O-O-O 19. Be4 Kc7 20. f4 Ng4
21. Rd2 Bd6 22. h3 f5 23. Bc6 Nf6 24. Rd3 Ne4 25. Rf1 Bxf4+ 26. Kd1 Nd6 27. Re1
Bg5 28. Re5 Kb6 29. Ra3 Bf6 30. Rxf5 Be7 31. Rxf7 Rd7 32. Nc4+ 1-0

[Event "FIDE World Cup 2021"]
[Site "Krasnaya Polyana RUS"]
[Date "2021.07.12"]
[Round "1.1"]
[White "Abdyjapar, Asyl"]
[Black "Bok, Benjamin"]
[Result "1/2-1/2"]
[WhiteElo "2403"]
[BlackElo "2624"]
[PlyCount "130"]
[EventDate "2021.07.12"]

1. c4 e5 2. g3 c6 3. Nf3 e4 4. Nd4 d5 5. cxd5 Qxd5 6. Nc2 Nf6 7. Nc3 Qe5 8. Bg2
Na6 9. Ne3 Bc5 10. a3 O-O 11. Qc2 Re8 12. b4 Bd4 13. Bb2 Bd7 14. Rb1 c5 15. b5
Nc7 16. a4 Rad8 17. O-O Bc8 18. a5 Ne6 19. h4 g5 20. h5 Nf4 21. gxf4 gxf4 22.
Nxe4 Nxe4 23. Qxe4 Qxe4 24. Bxe4 Rxe4 25. d3 Re5 26. Bxd4 Rxd4 27. Ng2 f3 28.
exf3 Rg5 29. Kh2 Rxh5+ 30. Kg1 Bh3 31. f4 Rh6 32. b6 axb6 33. Rxb6 Rxb6 34.
axb6 Rd6 35. Kh2 Bxg2 36. Kxg2 Rxb6 37. Rc1 Rc6 38. Kf3 Kf8 39. Ke4 b6 40. d4
Re6+ 41. Kd5 cxd4 42. Kxd4 Kg7 43. f5 Re8 44. Rb1 h5 45. Rxb6 h4 46. Kd3 h3 47.
Rb1 Kf6 48. Rh1 Rh8 49. Ke4 Kg5 50. Kf3 Kh4 51. Rc1 Rg8 52. Rc4+ Kh5 53. Rc1
Kh4 54. Rc4+ Kh5 55. Rc1 f6 56. Rb1 Kh4 57. Rb4+ Kh5 58. Rb1 Rg5 59. Rc1 Rxf5+
60. Kg3 Kg6 61. Rh1 Rg5+ 62. Kxh3 Kf5 63. Re1 Kf4 64. Re3 f5 65. Rg3 Ke5
1/2-1/2

[Event "FIDE World Cup 2021"]
[Site "Krasnaya Polyana RUS"]
[Date "2021.07.12"]
[Round "1.1"]
[White "Delgado Ramirez, Neuris"]
[Black "Murshed, Niaz"]
[Result "1-0"]
[WhiteElo "2622"]
[BlackElo "2404"]
[PlyCount "59"]
[EventDate "2021.07.12"]

1. e4 e5 2. Nf3 Nf6 3. Nxe5 d6 4. Nf3 Nxe4 5. Bd3 Nf6 6. O-O Be7 7. c3 O-O 8.
h3 b6 9. Bc2 Bb7 10. d4 Nbd7 11. Re1 Re8 12. Bf4 Bf8 13. Nbd2 Rxe1+ 14. Qxe1 g6
15. Bb3 Bd5 16. Qf1 h6 17. Qd3 a6 18. Bg3 b5 19. Bh4 Qb8 20. Bxd5 Nxd5 21. b3
Qb7 22. Re1 N5f6 23. Ne4 Nxe4 24. Rxe4 Qd5 25. Re3 Bg7 26. Qe2 Nf6 27. Re7 Qc6
28. c4 Kf8 29. d5 Qc5 30. Rxf7+ 1-0

[Event "FIDE World Cup 2021"]
[Site "Krasnaya Polyana RUS"]
[Date "2021.07.12"]
[Round "1.1"]
[White "Ssegwanyi, Arthur"]
[Black "Nihal, Sarin"]
[Result "0-1"]
[WhiteElo "2409"]
[BlackElo "2620"]
[PlyCount "100"]
[EventDate "2021.07.12"]

1. e4 e6 2. d4 d5 3. Nc3 Bb4 4. e5 c5 5. a3 Bxc3+ 6. bxc3 Nc6 7. Qg4 g6 8. Qd1
Qa5 9. Bd2 Qa4 10. Rb1 c4 11. h4 h6 12. Qc1 b6 13. Be2 Bd7 14. h5 g5 15. f4
gxf4 16. Nh3 f5 17. Nxf4 O-O-O 18. Kf2 Nge7 19. Bf3 Rh7 20. Ne2 Rdh8 21. Rh3
Be8 22. Rg3 Bf7 23. Qb2 Kd7 24. Rh1 Qa6 25. Nf4 Qc8 26. a4 Rg8 27. Rxg8 Qxg8
28. Rh3 Nc8 29. Qb5 Kc7 30. Qb1 Qe8 31. Rg3 a5 32. Qc1 N6e7 33. Qa3 Kb7 34. Rh3
Ka6 35. Ne2 Qd7 36. Rh1 Be8 37. Ra1 Rh8 38. Bf4 Nc6 39. Qc1 Qg7 40. Qd2 Nd8 41.
Ng3 Qh7 42. Qc1 Nf7 43. Be2 Rg8 44. Qa3 Ng5 45. Qa2 Qg7 46. Ke1 Ka7 47. Kd2 Qe7
48. Rb1 Nf7 49. Ke3 Qh4 50. Kf3 Rg4 0-1

[Event "FIDE World Cup 2021"]
[Site "Krasnaya Polyana RUS"]
[Date "2021.07.12"]
[Round "1.1"]
[White "Zherebukh, Yaroslav"]
[Black "Ioannidis, Evgenios"]
[Result "1-0"]
[WhiteElo "2620"]
[BlackElo "2422"]
[PlyCount "75"]
[EventDate "2021.07.12"]

1. Nf3 d5 2. b3 Bf5 3. Bb2 e6 4. g3 h6 5. Bg2 Nf6 6. O-O Be7 7. d3 O-O 8. Nbd2
a5 9. a3 a4 10. b4 c5 11. bxc5 Nc6 12. Nd4 Nxd4 13. Bxd4 Rc8 14. Rb1 Qd7 15. c4
Bxc5 16. Bxc5 Rxc5 17. Rb4 Ra8 18. Qb1 Rb8 19. Qb2 dxc4 20. Rxc4 Rcc8 21. Rxc8+
Rxc8 22. Nc4 Rc7 23. Nb6 Qe8 24. Re1 e5 25. e4 Bd7 26. Nc4 Be6 27. Nxe5 Bb3 28.
Nc4 Bxc4 29. dxc4 Rxc4 30. e5 b5 31. Kf1 Nh7 32. Bd5 Rc5 33. Qd4 Qe7 34. e6 f6
35. Ba2 Kf8 36. Qe4 g5 37. Qg6 Rc7 38. Rd1 1-0

[Event "FIDE World Cup 2021"]
[Site "Krasnaya Polyana RUS"]
[Date "2021.07.12"]
[Round "1.1"]
[White "Martinez Reyes, Pedro Ramon"]
[Black "Sargsyan, Shant"]
[Result "0-1"]
[WhiteElo "2417"]
[BlackElo "2626"]
[PlyCount "110"]
[EventDate "2021.07.12"]

1. d4 Nf6 2. c4 e6 3. g3 Bb4+ 4. Bd2 Be7 5. Bg2 d5 6. Nf3 O-O 7. O-O c6 8. Qb3
b6 9. cxd5 cxd5 10. Ne5 Bb7 11. Rc1 Nfd7 12. Nxd7 Qxd7 13. Bb4 Nc6 14. Bxe7
Qxe7 15. e3 Rac8 16. Nd2 Rc7 17. a3 Rfc8 18. Rc3 Na5 19. Qb4 Kf8 20. Bf1 Rxc3
21. bxc3 Nc6 22. Qb5 Qc7 23. Rc1 Na5 24. a4 Qd6 25. Qb2 Kg8 26. h4 Nc4 27. Bxc4
dxc4 28. e4 f5 29. e5 Qd7 30. f3 Bd5 31. Qb4 Qf7 32. Kf2 h6 33. Rh1 f4 34. g4
Qg6 35. Qb1 Qd3 36. Qxd3 cxd3 37. Rc1 a6 38. Ke1 b5 39. a5 g5 40. hxg5 hxg5 41.
Ne4 Kg7 42. Kd2 Rh8 43. Kxd3 Rh2 44. Nd2 Rf2 45. Rh1 Bxf3 46. Rh5 Be2+ 47. Kc2
Kg6 48. Rxg5+ Kxg5 49. Ne4+ Kxg4 50. Nxf2+ Kf3 51. Nh3 Ke3 52. Kb3 f3 53. Kb4
Bf1 54. Ng5 f2 55. d5 Bg2 0-1